000 00693nam a22002537a 4500
001 103065
003 UA-OsUOA
005 20220413213645.0
007 ta
008 20131015b un ||||| |||| 00| 0 ukr d
020 _a9789666994472
040 _aUA-OsUOA
_bukr
_cUA-OsUOA
_dUA-OsUOA
041 _aukr
080 _a323(437.1)(092)
090 _a323(437.1)(092)
_bЗ-34
100 _aЗарицький О. М.
245 _aВацлав Гавел. Політичний портрет
260 _aК.
_bОснова
_c2009
300 _a144 с.
650 7 _a32 Політика
_2UDC
942 _cBK
_2udc
955 _a4
999 _c389291
_d389291